Normal view
MARC view
- R.K Rajput
Entry Personal Name
001 - CONTROL NUMBER
- control field: 13298
003 - CONTROL NUMBER IDENTIFIER
- control field: NUST
005 - DATE AND TIME OF LATEST TRANSACTION
- control field: 20190125131649.0
008 - FIXED-LENGTH DATA ELEMENTS
- fixed length control field: 190125|| aca||aabn | a|a d
040 ## - CATALOGING SOURCE
- Original cataloging agency: NUST
- Transcribing agency: NUST
100 ## - HEADING--PERSONAL NAME
- Personal name: R.K Rajput
670 ## - SOURCE DATA FOUND
- Source citation: Work cat.: (NUST): R.K Rajput, Engineering Materials - Including Construction Materials
